[Event "Championnat de France - Vétérans"]
[Site "Pau"]
[Date "2008.08.14"]
[Round "3.9"]
[White "Guillaumat, Jean-Pierre"]
[Black "Chabeaud, Jean-Jacques"]
[Result "1-0"]
[WhiteElo "1969"]
[BlackElo "1836"]
[PlyCount "115"]

1. d4 d5 2. Nf3 Nf6 3. b4 c6 4. e3 Bg4 5. Be2 e6 6. a3 Nbd7 7. O-O Bd6 8. Nbd2
b5 9. Bb2 Qc7 10. h3 Bh5 11. c3 O-O 12. Re1 e5 13. dxe5 Nxe5 14. Nxe5 Bxe2 15.
Qxe2 Bxe5 16. Nf3 Nd7 17. Qc2 Bf6 18. e4 Ne5 19. Nxe5 Bxe5 20. Rad1 Rad8 21. a4
a6 22. axb5 axb5 23. exd5 Rxd5 24. Rxd5 cxd5 25. Qd3 Qb8 26. Qxd5 Bf6 27. Qe4
h6 28. g3 Rd8 29. Kg2 Qc7 30. Re2 Rc8 31. Rc2 Qb6 32. Qf3 Rc4 33. Re2 Qb8 34.
Qd3 Qb7+ 35. Kh2 Qc6 36. Re3 g6 37. Qe2 Kg7 38. Qf3 Qc8 39. Kg2 Qb8 40. Rd3 Qc8
41. Qd5 Qc6 42. Qxc6 Rxc6 43. Kf1 Kf8 44. Ke2 Ke7 45. Kd2 h5 46. Kc2 Ke6 47.
Bc1 Be7 48. Kb3 f5 49. h4 Rc4 50. Be3 Bd6 51. Rd4 Rc6 52. Bf4 Be7 53. Rd3 Bf6
54. Be3 Be7 55. Bd4 Bf8 56. Re3+ Kd7 57. Re5 f4 58. Rxb5 1-0

[Event "Championnat de France - Vétérans"]
[Site "Pau"]
[Date "2008.08.14"]
[Round "3.10"]
[White "Rosenfeld, Imre"]
[Black "Demange, Jean"]
[Result "0-1"]
[WhiteElo "1961"]
[BlackElo "1807"]
[PlyCount "74"]
[EventDate "2008.??.??"]

1. d4 e6 2. Nf3 Nf6 3. e3 b6 4. Bd3 Bb7 5. Nbd2 c5 6. c3 Be7 7. O-O O-O 8. e4
d6 9. a3 Nbd7 10. Qe2 Re8 11. e5 dxe5 12. dxe5 Nd5 13. Ne4 f5 14. exf6 N5xf6
15. Bf4 Nxe4 16. Bxe4 Bxe4 17. Qxe4 Nf8 18. Rad1 Qc8 19. Bg5 Bxg5 20. Nxg5 h6
21. Nf3 Re7 22. Ne5 Qe8 23. h3 Rc8 24. Rd3 Nd7 25. Ng6 Rf7 26. Rfd1 Nf6 27. Qe1
Nd5 28. c4 Nf4 29. Nxf4 Rxf4 30. Rd7 Rf7 31. R7d6 Re7 32. Qe5 Qf7 33. Re1 Rce8
34. Kf1 Qf6 35. Qe2 Qf4 36. Rxe6 Rxe6 37. Qxe6+ Rxe6 0-1

[Event "Championnat de France - Vétérans"]
[Site "Pau"]
[Date "2008.08.15"]
[Round "4.1"]
[White "Peyrin, Jean"]
[Black "Vaisman, Volodia"]
[Result "0-1"]
[WhiteElo "1980"]
[BlackElo "2348"]
[PlyCount "98"]

1. d4 d6 2. c4 e5 3. Nf3 Nd7 4. Nc3 g6 5. e4 Bg7 6. Be2 c6 7. O-O Ngf6 8. h3
O-O 9. Be3 Re8 10. d5 c5 11. a3 Nh5 12. Re1 Bf8 13. b4 Ng7 14. Qd2 f5 15. Bg5
Be7 16. Bxe7 Qxe7 17. Qg5 b6 18. Qxe7 Rxe7 19. Reb1 Nf6 20. Nd2 Nge8 21. Rb2
Bd7 22. b5 Nxe4 23. Ndxe4 fxe4 24. Nxe4 Bf5 25. Ng3 Nf6 26. a4 a5 27. bxa6 Rxa6
28. Ra3 Rea7 29. Rab3 Nd7 30. Nxf5 gxf5 31. Rg3+ Kf8 32. Bd1 f4 33. Rg5 Nf6 34.
Bc2 Rg7 35. Rxg7 Kxg7 36. Bf5 e4 37. Bc8 Rxa4 38. Rxb6 e3 39. fxe3 fxe3 40.
Rb7+ Kf8 41. Rb8 Ke7 42. Kf1 Rxc4 43. Be6 Ne4 44. Ke2 Rc3 45. Rb7+ Kf6 46. Rb1
Ke5 47. Bg8 h5 48. g4 h4 49. Be6 Kf4 0-1

[Event "Championnat de France - Vétérans"]
[Site "Pau"]
[Date "2008.08.15"]
[Round "4.2"]
[White "Tholey, Jean-Paul"]
[Black "Darrigues, Alain"]
[Result "1/2-1/2"]
[WhiteElo "1967"]
[BlackElo "2012"]
[PlyCount "43"]

1. d4 Nf6 2. c4 c5 3. d5 e6 4. Nc3 exd5 5. cxd5 d6 6. e4 g6 7. f4 Bg7 8. Bb5+
Nfd7 9. a4 a6 10. Bd3 O-O 11. Nf3 Re8 12. O-O Qc7 13. Re1 b6 14. Be3 Bb7 15.
Qd2 Nf6 16. Bf2 Nbd7 17. Rac1 c4 18. Na2 b5 19. axb5 axb5 20. b3 Qa5 21. Bb1
Qxd2 22. Nxd2 1/2-1/2

[Event "Championnat de France - Vétérans"]
[Site "Pau"]
[Date "2008.08.15"]
[Round "4.3"]
[White "Goldenberg, Richard"]
[Black "Auge, Jean"]
[Result "1-0"]
[WhiteElo "2341"]
[BlackElo "1940"]
[PlyCount "37"]

1. e4 d5 2. exd5 Qxd5 3. Nc3 Qa5 4. d4 Nf6 5. Bc4 Bg4 6. f3 Bh5 7. Nge2 e6 8.
g4 Nxg4 9. fxg4 Bxg4 10. Bf4 Bd6 11. Bxd6 cxd6 12. Qd2 Nc6 13. Rg1 Bxe2 14.
Bxe2 g6 15. O-O-O d5 16. Qf4 O-O 17. Rd3 Nb4 18. Rh3 Rfc8 19. Rxh7 1-0

[Event "Championnat de France - Vétérans"]
[Site "Pau"]
[Date "2008.08.15"]
[Round "4.4"]
[White "Birens, Eric-Andre"]
[Black "Duval, Michel"]
[Result "1-0"]
[WhiteElo "2054"]
[BlackElo "1843"]
[PlyCount "95"]
[EventDate "2008.??.??"]

1. d4 f5 2. Bg5 Nf6 3. Bxf6 exf6 4. e3 d5 5. Nd2 Be6 6. Bd3 g6 7. Ne2 c6 8. Nf4
Bf7 9. O-O Bd6 10. c4 Bxf4 11. exf4 O-O 12. c5 a5 13. Qc2 Nd7 14. a3 Re8 15. b4
axb4 16. axb4 b5 17. Nb3 Nf8 18. g3 Qc7 19. Qd2 Ne6 20. Bc2 Ra7 21. Rxa7 Qxa7
22. Ra1 Qc7 23. Ra6 Qb7 24. Rb6 Qa8 25. Na5 Nd8 26. Bd3 Re7 27. Kg2 Be8 28. h4
h5 29. Qc2 Qa7 30. Qa2 Qd7 31. Nb3 Re6 32. Rb8 Kh7 33. Qa8 Nf7 34. Nd2 Re7 35.
Nf3 Qe6 36. Rb6 Nh6 37. Bxb5 Ng4 38. Qa2 Qe4 39. Bf1 Nh2 40. Kxh2 Qxf3 41. Bg2
Qd1 42. Qa8 g5 43. Rb7 Qe2 44. Rxe7+ Qxe7 45. fxg5 fxg5 46. hxg5 Qxg5 47. Qxe8
h4 48. Qe5 1-0

[Event "Championnat de France - Vétérans"]
[Site "Pau"]
[Date "2008.08.15"]
[Round "4.5"]
[White "Violeau, Jean-Luc"]
[Black "Degrave, Jack"]
[Result "1/2-1/2"]
[WhiteElo "1880"]
[BlackElo "2020"]
[PlyCount "97"]

1. c4 Nf6 2. Nc3 g6 3. g3 Bg7 4. Bg2 O-O 5. Nf3 d6 6. O-O c6 7. b3 e5 8. Bb2
Nbd7 9. d3 Ne8 10. Nd2 Nc5 11. b4 Ne6 12. b5 Bd7 13. a4 f5 14. e3 Nf6 15. Ne2
g5 16. a5 a6 17. bxa6 Rxa6 18. Bc3 Qc7 19. Qc2 f4 20. exf4 gxf4 21. Bf3 Bh6 22.
d4 exd4 23. Nxd4 Nxd4 24. Bxd4 Rxa5 25. Bxf6 Rxf6 26. Ne4 Rf8 27. Rxa5 Qxa5 28.
Qd3 fxg3 29. hxg3 d5 30. cxd5 cxd5 31. Nc3 d4 32. Ne2 b5 33. Bd5+ Kh8 34. Qxd4+
Bg7 35. Qd3 Qb6 36. Be4 Bh3 37. Bg2 Be6 38. Qe4 Bc4 39. Qc2 Bd4 40. Nxd4 Bxf1
41. Qb2 Qf6 42. Bxf1 Rd8 43. Qxb5 Qxd4 44. Qf5 Rg8 45. Qf3 Qg4 46. Qxg4 Rxg4
47. Kg2 Kg7 48. f4 Rg6 49. Kh3 1/2-1/2

[Event "Championnat de France - Vétérans"]
[Site "Pau"]
[Date "2008.08.15"]
[Round "4.6"]
[White "Maury, Claude"]
[Black "Guillaumat, Jean-Pierre"]
[Result "0-1"]
[WhiteElo "1892"]
[BlackElo "1969"]
[PlyCount "66"]

1. d4 d5 2. Bf4 e6 3. e3 c5 4. c3 Nc6 5. Nf3 Nf6 6. Nbd2 Be7 7. Ne5 O-O 8. Ndf3
cxd4 9. exd4 Nxe5 10. Nxe5 Nd7 11. Bd3 Nxe5 12. Bxe5 Bf6 13. Qe2 Bxe5 14. Qxe5
Bd7 15. O-O Rc8 16. f4 Qf6 17. Qe2 g6 18. Rf3 a6 19. Raf1 b5 20. a3 Rc7 21. Re3
Rb8 22. g4 a5 23. g5 Qd8 24. Rh3 b4 25. Rxh7 Kxh7 26. Qh5+ Kg8 27. Bxg6 fxg6
28. Qxg6+ Kf8 29. Qh6+ Ke7 30. Qf6+ Kd6 31. Qe5+ Kc6 32. cxb4 axb4 33. axb4 Kb7
0-1

[Event "Championnat de France - Vétérans"]
[Site "Pau"]
[Date "2008.08.15"]
[Round "4.7"]
[White "Demange, Jean"]
[Black "Dubreuil, Remy"]
[Result "0-1"]
[WhiteElo "1807"]
[BlackElo "1957"]
[PlyCount "65"]
[EventDate "2008.??.??"]

1. e4 g6 2. d4 Bg7 3. Nf3 d6 4. c3 Nf6 5. Bd3 O-O 6. h3 Nc6 7. O-O e5 8. dxe5
Nxe5 9. Nxe5 dxe5 10. Na3 b6 11. Bg5 h6 12. Be3 Bb7 13. Qc2 Qe7 14. Rad1 Rad8
15. Kh2 Rd7 16. f3 Rfd8 17. Be2 c5 18. Rxd7 Rxd7 19. Bb5 Rd8 20. Qc1 Kh7 21.
Rd1 Nh5 22. Bc4 Rf8 23. Qd2 Bc8 24. Nb5 a6 25. Na3 b5 26. Bd5 c4 27. Qf2 Rg8
28. Nc2 g5 29. Bc5 Qf6 30. Ne3 Nf4 31. Ng4 Qg6 32. Be3 h5 33. Bxf4 0-1

[Event "Championnat de France - Vétérans"]
[Site "Pau"]
[Date "2008.08.15"]
[Round "4.9"]
[White "Cortes, Jaime"]
[Black "Meinsohn, Francis"]
[Result "1-0"]
[WhiteElo "1873"]
[BlackElo "2251"]
[PlyCount "43"]

1. d4 d5 2. c4 Bf5 3. Nf3 e6 4. g3 c6 5. Bg2 Bxb1 6. Rxb1 Qa5+ 7. Bd2 Qxa2 8.
b3 Qa6 9. Ra1 Qb6 10. O-O Qd8 11. Qc2 Nf6 12. cxd5 exd5 13. Ne5 Be7 14. Rfc1
O-O 15. b4 Na6 16. Nxc6 Qd7 17. Nxe7+ Qxe7 18. b5 Nb8 19. Bg5 Qb4 20. Bxf6 gxf6
21. Qc5 Qb2 22. Qxd5 1-0

[Event "Championnat de France - Vétérans"]
[Site "Pau"]
[Date "2008.08.15"]
[Round "4.10"]
[White "Cousin, Philippe"]
[Black "Vernadet, Bernard"]
[Result "1-0"]
[WhiteElo "1971"]
[BlackElo "1814"]
[PlyCount "71"]

1. d4 d5 2. Nf3 Nf6 3. c4 c6 4. Nc3 g6 5. Bf4 Bg7 6. e3 Nbd7 7. Bd3 Nh5 8. Bg3
O-O 9. cxd5 c5 10. Be2 cxd4 11. Nxd4 Nhf6 12. e4 a6 13. O-O Nb6 14. Rc1 Bd7 15.
Bf3 Rc8 16. e5 Nh5 17. Bxh5 gxh5 18. Qxh5 Be8 19. Qf3 Nc4 20. Qe2 b5 21. Nf5 f6
22. Nxg7 Kxg7 23. exf6+ exf6 24. b3 Bg6 25. bxc4 bxc4 26. Qg4 Kh8 27. d6 f5 28.
Qd4+ Kg8 29. Bh4 Qd7 30. Rfe1 Rce8 31. Be7 Rf7 32. Qxc4 Rexe7 33. dxe7 Qe8 34.
Nd5 Kg7 35. Qd4+ Kh6 36. Re3 1-0

[Event "Championnat de France - Vétérans"]
[Site "Pau"]
[Date "2008.08.16"]
[Round "5.2"]
[White "Darrigues, Alain"]
[Black "Birens, Eric-Andre"]
[Result "0-1"]
[WhiteElo "2012"]
[BlackElo "2054"]
[PlyCount "138"]

1. d4 Nf6 2. c4 c5 3. d5 e6 4. Nc3 exd5 5. cxd5 d6 6. e4 g6 7. Nf3 Bg4 8. Be2
Bg7 9. Nd2 Bxe2 10. Qxe2 O-O 11. O-O a6 12. a4 Nbd7 13. Re1 Qc7 14. Nc4 Nb6 15.
Ne3 Rae8 16. f3 Nh5 17. a5 Nc8 18. Kh1 Qd8 19. g3 f5 20. exf5 gxf5 21. f4 Nf6
22. Bd2 Ne4 23. Qg2 Nxd2 24. Qxd2 Qd7 25. Re2 Qf7 26. Rae1 Re7 27. Qd3 Bxc3 28.
bxc3 Qh5 29. Ng2 Rxe2 30. Qxe2 Qxe2 31. Rxe2 b5 32. Nh4 Kg7 33. Kg2 Rf6 34. Nf3
h6 35. Kf1 Kf7 36. Ke1 Ne7 37. Rd2 Rg6 38. Kd1 Rg8 39. Kc2 Rb8 40. Kb3 c4+ 41.
Kc2 Rc8 42. Nd4 Rc5 43. Ne6 Rxd5 44. Re2 Rd3 45. Nc7 Nd5 46. Nxa6 Rxc3+ 47. Kb2
Rb3+ 48. Kc2 Ra3 49. Kb2 Rxa5 50. Nb8 Nb4 51. Kc3 Nd3 52. Nc6 Ra3+ 53. Kd4 Nxf4
54. Rd2 c3 55. Rc2 Ne6+ 56. Kd5 Ng5 57. Kxd6 Ne4+ 58. Kd5 Rb3 59. Ne5+ Kf6 60.
Nd3 Kg5 61. Kd4 Kg4 62. Ke3 b4 63. Ne5+ Kh3 64. Nd3 Rb1 65. Nf4+ Kg4 66. h3+
Kg5 67. Rg2 b3 68. Ne6+ Kf6 69. Nd4 c2 0-1

[Event "Championnat de France - Vétérans"]
[Site "Pau"]
[Date "2008.08.16"]
[Round "5.3"]
[White "Guillaumat, Jean-Pierre"]
[Black "Tholey, Jean-Paul"]
[Result "1/2-1/2"]
[WhiteElo "1969"]
[BlackElo "1967"]
[PlyCount "82"]

1. d4 Nf6 2. Nf3 d5 3. c4 e6 4. e3 Be7 5. Nc3 O-O 6. Be2 dxc4 7. Bxc4 c5 8. O-O
a6 9. a4 Qc7 10. Qe2 Nc6 11. d5 exd5 12. Nxd5 Nxd5 13. Bxd5 Nb4 14. Bc4 Bg4 15.
h3 Bh5 16. Bd2 Bf6 17. Bc3 Qe7 18. Rfd1 Rfd8 19. Rac1 Rac8 20. Rxd8+ Rxd8 21.
Rd1 Bg6 22. Rxd8+ Qxd8 23. Bxb4 cxb4 24. b3 Bc3 25. Nd4 Kf8 26. Qg4 Bxd4 27.
exd4 Qc7 28. d5 f5 29. Qd4 Qd6 30. f4 Bf7 31. Kf2 b5 32. axb5 axb5 33. Bxb5
Qxd5 34. Qxb4+ Kg8 35. Bc4 Qd4+ 36. Kf3 Qe4+ 37. Kf2 Qxf4+ 38. Kg1 Qe3+ 39. Kf1
Qf4+ 40. Ke2 Qe4+ 41. Kf1 Qf4+ 1/2-1/2

[Event "Championnat de France - Vétérans"]
[Site "Pau"]
[Date "2008.08.16"]
[Round "5.4"]
[White "Dubreuil, Remy"]
[Black "Peyrin, Jean"]
[Result "1/2-1/2"]
[WhiteElo "1957"]
[BlackElo "1980"]
[PlyCount "41"]

1. e4 c5 2. c3 Nf6 3. e5 Nd5 4. d4 cxd4 5. Nf3 e6 6. cxd4 b6 7. Nc3 Nxc3 8.
bxc3 Qc7 9. Bd2 d5 10. Bd3 Be7 11. Qc2 h6 12. h4 Nc6 13. O-O Bd7 14. c4 dxc4
15. Qxc4 Rc8 16. Rac1 Qd8 17. Qb3 Bxh4 18. d5 exd5 19. Qxd5 Bg5 20. Bb5 Ne7 21.
Rxc8 1/2-1/2

[Event "Championnat de France - Vétérans"]
[Site "Pau"]
[Date "2008.08.16"]
[Round "5.5"]
[White "Degrave, Jack"]
[Black "Marbot, Raymond"]
[Result "1/2-1/2"]
[WhiteElo "2020"]
[BlackElo "1911"]
[PlyCount "69"]

1. e4 e6 2. d4 d5 3. Nc3 Bb4 4. e5 c5 5. Bd2 Ne7 6. Nb5 Bxd2+ 7. Qxd2 O-O 8. f4
cxd4 9. Nxd4 a6 10. Ngf3 Nbc6 11. Bd3 Bd7 12. Qf2 h6 13. g4 Nxd4 14. Nxd4 Qb6
15. O-O-O Nc6 16. c3 Nxd4 17. cxd4 Bb5 18. Qh4 Rac8+ 19. Kb1 Bxd3+ 20. Rxd3 Qc6
21. Rd2 Rc7 22. g5 Rfc8 23. b3 Qc3 24. Rhd1 hxg5 25. Qxg5 Qe3 26. Qg3 Qe4+ 27.
Ka1 Rc1+ 28. Rxc1 Rxc1+ 29. Kb2 Qb1+ 30. Ka3 Rc2 31. Rxc2 Qxc2 32. Qh4 Qc1+ 33.
Ka4 Qc6+ 34. Ka3 Qc1+ 35. Ka4 1/2-1/2

[Event "Championnat de France - Vétérans"]
[Site "Pau"]
[Date "2008.08.16"]
[Round "5.6"]
[White "Renault, Jean-Pierre"]
[Black "Maurel, Jean-Louis"]
[Result "1-0"]
[WhiteElo "1912"]
[BlackElo "1974"]
[PlyCount "113"]

1. d4 d5 2. e3 Bf5 3. c4 c6 4. cxd5 cxd5 5. Nc3 e6 6. Qb3 Qd7 7. Nf3 f6 8. Bd2
Nc6 9. Rc1 Rc8 10. Na4 b6 11. Bb5 Bd6 12. h3 Bg6 13. O-O Nge7 14. Rfe1 O-O 15.
Qd1 e5 16. dxe5 fxe5 17. Bc3 Qe6 18. b3 Qf7 19. e4 Kh8 20. exd5 e4 21. dxc6
Rcd8 22. Qe2 exf3 23. Qxf3 Qxf3 24. gxf3 Rc8 25. Re6 Ba3 26. Rce1 Nd5 27. Ba6
Rc7 28. Be5 Rcf7 29. Bc4 Nc7 30. Bxc7 Rxc7 31. Kg2 Bf7 32. R6e4 Bxc4 33. bxc4
Rxc6 34. Rd1 h6 35. Rd7 a5 36. Rb7 Rff6 37. Rg4 Rg6 38. Rxg6 Rxg6+ 39. Kf1 Rd6
40. Rxb6 Rd2 41. Rb5 Rxa2 42. Rxa5 Bb4 43. Ra8+ Kh7 44. Nb6 Rc2 45. Rc8 Bc3 46.
Nd5 Bd4 47. Ne3 Rc3 48. Ke2 Kg6 49. f4 Kf7 50. f5 g5 51. fxg6+ Kxg6 52. Kf3 Kh5
53. Ke4 Ba7 54. Rc7 Bb6 55. Rc6 Ba7 56. Nf5 Bxf2 57. Kf4 1-0

[Event "Championnat de France - Vétérans"]
[Site "Pau"]
[Date "2008.08.16"]
[Round "5.7"]
[White "Cousin, Philippe"]
[Black "Fayolle, Guy"]
[Result "1-0"]
[WhiteElo "1971"]
[BlackElo "1894"]
[PlyCount "111"]

1. d4 Nf6 2. Nf3 g6 3. c4 Bg7 4. Nc3 O-O 5. e4 d6 6. Be2 e5 7. dxe5 dxe5 8.
Qxd8 Rxd8 9. Bg5 Re8 10. Nd5 Nxd5 11. cxd5 f5 12. Nd2 h6 13. Be3 c6 14. Bc4 Kh7
15. f3 Bd7 16. O-O b5 17. Bb3 Bf8 18. Rac1 Rc8 19. dxc6 Nxc6 20. Bd5 f4 21. Bf2
Rab8 22. a3 a6 23. Nb3 b4 24. Nc5 Bxc5 25. Bxc5 bxa3 26. bxa3 Rb2 27. Bxc6 Rxc6
28. Rfd1 Bc8 29. Rd6 Rbb6 30. Rdd1 Rb5 31. Bd6 Rxc1 32. Rxc1 Be6 33. h3 Kg7 34.
Rc7+ Kg8 35. Re7 Bf7 36. Bxe5 Rb6 37. Rc7 Be8 38. Bxf4 Rf6 39. Be3 g5 40. Bc5
Bb5 41. Kf2 Rc6 42. Rxc6 Bxc6 43. g3 Kf7 44. Ke3 h5 45. h4 gxh4 46. gxh4 Ke6
47. f4 Bb5 48. f5+ Ke5 49. Bd4+ Kd6 50. Kf4 Bd3 51. Bc3 Ke7 52. e5 Bc4 53. Bb4+
Kf7 54. e6+ Kf6 55. Bc3+ Ke7 56. Ke5 1-0

[Event "Championnat de France - Vétérans"]
[Site "Pau"]
[Date "2008.08.16"]
[Round "5.8"]
[White "Ancival, Lucien"]
[Black "Violeau, Jean-Luc"]
[Result "1-0"]
[WhiteElo "1955"]
[BlackElo "1880"]
[PlyCount "123"]

1. f4 d6 2. e4 g6 3. d4 Bg7 4. Nf3 Bg4 5. Be2 Nd7 6. O-O e5 7. fxe5 Bxf3 8.
Rxf3 dxe5 9. Bc4 f6 10. Be3 exd4 11. Bf4 Qe7 12. Qxd4 Ne5 13. Bxe5 fxe5 14. Qd5
Nf6 15. Qxb7 Qc5+ 16. Kh1 Rd8 17. Bb5+ Ke7 18. Nc3 Rhf8 19. Bc6 Qb6 20. Raf1
Qxb7 21. Bxb7 Rb8 22. Nd5+ Nxd5 23. Rxf8 Rxf8 24. Rxf8 Bxf8 25. exd5 Kd6 26. b4
Bh6 27. c4 Be3 28. g3 h6 29. Kg2 Bd4 30. Kf3 Bc3 31. c5+ Ke7 32. a3 Bb2 33. a4
Ba3 34. d6+ cxd6 35. c6 Kd8 36. b5 Kc7 37. a5 Bc5 38. Ke4 Bg1 39. h3 Bc5 40. g4
Bf2 41. Kd5 Bc5 42. Ba6 Bb4 43. b6+ axb6 44. axb6+ Kxb6 45. Bd3 g5 46. Be4 Kc7
47. Ke6 Ba5 48. Kf6 Kb8 49. Kg6 Bd8 50. Kxh6 Kc7 51. h4 gxh4 52. g5 d5 53. Bxd5
Kd6 54. Be4 Kc5 55. g6 Kd4 56. Bh1 e4 57. g7 e3 58. g8=Q Bb6 59. Qg4+ Kd3 60.
Qd1+ Kc3 61. Qc1+ Kd3 62. Qb1+ 1-0

[Event "Championnat de France - Vétérans"]
[Site "Pau"]
[Date "2008.08.16"]
[Round "5.9"]
[White "Lebouchard, Charles"]
[Black "Cortes, Jaime"]
[Result "0-1"]
[WhiteElo "1953"]
[BlackElo "1873"]
[PlyCount "60"]

1. Nf3 Nf6 2. g3 d5 3. c3 e6 4. Bg2 c5 5. d3 Nbd7 6. Nbd2 Be7 7. O-O O-O 8. Qc2
e5 9. c4 d4 10. Ng5 h6 11. Nge4 Nxe4 12. Nxe4 f5 13. Nd2 Nf6 14. b4 cxb4 15. a3
Kh8 16. axb4 Bxb4 17. Ba3 Bxa3 18. Rxa3 Qe7 19. Rb3 Rb8 20. Qb2 b6 21. Nf3 Bb7
22. Nh4 Kh7 23. Bxb7 Rxb7 24. Nxf5 Qe6 25. e4 g6 26. Nh4 Rbf7 27. Kg2 Ng4 28.
f4 Ne3+ 29. Kg1 Nxf1 30. Kxf1 exf4 0-1

[Event "Championnat de France - Vétérans"]
[Site "Pau"]
[Date "2008.08.16"]
[Round "5.10"]
[White "Laval, Hubert"]
[Black "Oger, Claude"]
[Result "0-1"]
[WhiteElo "1889"]
[BlackElo "2016"]
[PlyCount "48"]

1. Nf3 d5 2. c4 c6 3. cxd5 cxd5 4. d4 Nf6 5. Nc3 e6 6. Bf4 Bd6 7. Bxd6 Qxd6 8.
e3 Nc6 9. Rc1 a6 10. Bd3 O-O 11. O-O b5 12. a3 Bb7 13. Qe2 Rac8 14. b4 e5 15.
Bf5 Rc7 16. Rfd1 Re8 17. Qa2 exd4 18. exd4 Qf4 19. Bd3 Nxd4 20. Nxd4 Rxc3 21.
Rxc3 Qxd4 22. Qd2 Qe5 23. Rdc1 Ng4 24. h3 Qh2+ 0-1

[Event "Championnat de France - Vétérans"]
[Site "Pau"]
[Date "2008.08.17"]
[Round "6.1"]
[White "Birens, Eric-Andre"]
[Black "Vaisman, Volodia"]
[Result "0-1"]
[WhiteElo "2054"]
[BlackElo "2348"]
[PlyCount "124"]
[EventDate "2008.??.??"]

1. d4 d6 2. c4 e5 3. d5 Nd7 4. e4 Ngf6 5. Nc3 Nc5 6. Qc2 a5 7. Be3 b6 8. f3 Be7
9. O-O-O h5 10. g3 h4 11. g4 Nh7 12. Nh3 Ng5 13. Nxg5 Bxg5 14. Qd2 Bxe3 15.
Qxe3 g5 16. Kb1 Bd7 17. Bd3 f6 18. Bc2 a4 19. Ne2 b5 20. cxb5 Bxb5 21. Nc1 Qb8
22. Bd3 Bd7 23. Bc2 Ke7 24. Nd3 Na6 25. Qd2 Qb6 26. Qc3 Rhb8 27. Rd2 Bb5 28.
Nb4 Nxb4 29. Qxb4 a3 30. b3 Qe3 31. Rdd1 Qxf3 32. Qd2 Qxg4 33. Qc3 Qd7 34. Qf3
Rf8 35. Bd3 Rab8 36. Rhf1 Kd8 37. Rf2 Bxd3+ 38. Rxd3 Rb4 39. Qe3 Qg4 40. Re2
Qf4 41. Kc2 Qxe3 42. Rdxe3 f5 43. exf5 Rxf5 44. Kc3 Rff4 45. h3 Ke7 46. Rc2
Rbd4 47. Rg2 Kf6 48. Kc2 Rxd5 49. b4 Rxb4 50. Rxa3 Rdb5 51. Kc3 d5 52. Ra8 Rc4+
53. Kd3 e4+ 54. Ke3 Rc3+ 55. Kd2 Rxh3 56. Rf2+ Ke5 57. Kc2 Rc5+ 58. Kb2 Rf3 59.
Rg2 Rg3 60. Rh2 h3 61. Re8+ Kd4 62. a4 Rg2+ 0-1

[Event "Championnat de France - Vétérans"]
[Site "Pau"]
[Date "2008.??.??"]
[Round "6.3"]
[White "Dubreuil, Remy"]
[Black "Cousin, Philippe"]
[Result "1/2-1/2"]
[WhiteElo "1957"]
[BlackElo "1971"]
[PlyCount "25"]

1. e4 c6 2. d4 d5 3. Nc3 dxe4 4. Nxe4 Nf6 5. Nxf6+ exf6 6. Nf3 Bd6 7. Be2 O-O
8. O-O Re8 9. c3 Bg4 10. h3 Be6 11. c4 h6 12. Re1 Bb4 13. Bd2 1/2-1/2

[Event "Championnat de France - Vétérans"]
[Site "Pau"]
[Date "2008.??.??"]
[Round "6.4"]
[White "Cortes, Jaime"]
[Black "Guillaumat, Jean-Pierre"]
[Result "1-0"]
[WhiteElo "1873"]
[BlackElo "1969"]
[PlyCount "96"]

1. d4 d5 2. c4 c6 3. Nf3 Nf6 4. g3 dxc4 5. a4 Bg4 6. Bg2 Bxf3 7. Bxf3 e6 8. O-O
Be7 9. e4 O-O 10. Na3 Na6 11. Nxc4 Nb4 12. Be3 a5 13. Qb3 b5 14. Ne5 Rc8 15.
Rac1 Nd7 16. Nxd7 Qxd7 17. Rfd1 h6 18. Bg4 Qb7 19. Bf3 Rfd8 20. Kg2 Bg5 21.
Bxg5 hxg5 22. Rc5 Qb6 23. Qe3 bxa4 24. Qxg5 f6 25. Qg4 Re8 26. Rh5 Nc2 27. Qg6
Nxd4 28. Rh7 Qb7 29. Rxd4 Qf7 30. Qxf7+ Kxf7 31. Rd7+ Re7 32. Rxg7+ Kxg7 33.
Rxe7+ Kg6 34. Ra7 Rb8 35. Rxa5 Rxb2 36. Rxa4 c5 37. Rc4 Rb5 38. h4 Ra5 39. Bd1
e5 40. Ba4 f5 41. Be8+ Kf6 42. exf5 Kxf5 43. g4+ Ke6 44. h5 Ra8 45. Bc6 Rc8 46.
Rxc5 Kd6 47. Rc2 Rxc6 48. Rxc6+ Kxc6 1-0

[Event "Championnat de France - Vétérans"]
[Site "Pau"]
[Date "2008.08.17"]
[Round "6.5"]
[White "Tholey, Jean-Paul"]
[Black "Renault, Jean-Pierre"]
[Result "0-1"]
[WhiteElo "1967"]
[BlackElo "1912"]
[PlyCount "160"]

1. d4 Nf6 2. c4 e6 3. Nc3 Bb4 4. Qc2 c5 5. dxc5 Bxc5 6. Nf3 Nc6 7. e3 O-O 8.
Be2 b6 9. a3 Bb7 10. O-O d5 11. Rd1 Qb8 12. cxd5 exd5 13. Nxd5 Nxd5 14. Rxd5
Be7 15. Bd2 Bf6 16. Rd1 Na5 17. Rh5 g6 18. Rh3 Rc8 19. Qa4 Bc6 20. Bb5 Bxb2 21.
Bxc6 Nxc6 22. Ng5 Qe5 23. f4 Qe7 24. Rxh7 Bg7 25. Rh3 Rc7 26. Qb3 Rd7 27. Bc1
Rad8 28. Rxd7 Rxd7 29. Rf3 Na5 30. Qa2 Rd1+ 31. Rf1 Rxc1 32. Qd2 Rxf1+ 33. Kxf1
Nc4 34. Qd3 Nxe3+ 35. Kf2 Nf5 36. g4 Qc5+ 37. Kg2 Qd5+ 38. Qxd5 Ne3+ 39. Kf3
Nxd5 40. f5 gxf5 41. gxf5 Bb2 42. a4 a5 43. Ke4 Nc3+ 44. Kd4 Ne2+ 45. Kc4 Kg7
46. Ne4 f6 47. Kb5 Bd4 48. Nd6 Bg1 49. Ne8+ Kf7 50. Nd6+ Kf8 51. h4 Nc3+ 52.
Kc4 Nxa4 53. Ne4 Kg7 54. h5 Nc5 55. h6+ Kxh6 56. Nxf6 Kg5 57. Nd5 Nd7 58. Kb5
Kxf5 59. Ne7+ Ke6 60. Nc6 Kd5 61. Nxa5 bxa5 62. Kxa5 Nb8 63. Kb5 Bc5 64. Ka4
Kc4 65. Ka5 Ba7 66. Ka4 Nc6 67. Ka3 Nd4 68. Kb2 Kd3 69. Ka3 Kc3 70. Ka4 Bb6 71.
Ka3 Nb3 72. Ka4 Kc4 73. Ka3 Ba5 74. Ka4 Be1 75. Ka3 Nc5 76. Kb2 Ne4 77. Ka3 Nc3
78. Kb2 Nd1+ 79. Kc1 Ne3 80. Kb2 Bb4 0-1

[Event "Championnat de France - Vétérans"]
[Site "Pau"]
[Date "2008.08.17"]
[Round "6.6"]
[White "Peyrin, Jean"]
[Black "Degrave, Jack"]
[Result "1-0"]
[WhiteElo "1980"]
[BlackElo "2020"]
[PlyCount "145"]

1. d4 f5 2. g3 Nf6 3. Bg2 e6 4. c4 d5 5. Nf3 c6 6. O-O Bd6 7. Bf4 Bxf4 8. gxf4
Nbd7 9. Nbd2 Ne4 10. Ne5 O-O 11. Ndf3 Ndf6 12. e3 dxc4 13. Nxc4 Nd5 14. Nfe5
Qh4 15. Nd2 Rf6 16. Ndf3 Qh6 17. a3 g5 18. fxg5 Nxg5 19. Nxg5 Qxg5 20. Kh1 Kf8
21. Rg1 Qh4 22. Bxd5 exd5 23. f4 Be6 24. Qf3 Rc8 25. b4 Bf7 26. Nd7+ Ke7 27.
Nxf6 Kxf6 28. Rg5 Re8 29. Rag1 Bg6 30. R1g3 Re7 31. Rg1 Qh6 32. Rc1 Qf8 33. Qh3
Qe8 34. Rg3 Ke6 35. Rcg1 Kd7 36. Re1 Re4 37. Qf1 Kc7 38. Qf2 Qe7 39. Rh3 Qf7
40. Rc1 Qe7 41. Qd2 Re6 42. a4 Kb8 43. b5 Qa3 44. bxc6 Rxc6 45. Rxc6 bxc6 46.
Qd1 Kc7 47. Rg3 Qb4 48. Rg2 Qa3 49. Rg3 Qb4 50. h4 Qe7 51. Rh3 Qa3 52. h5 Be8
53. Rg3 Bd7 54. Qc2 Qe7 55. Qc5 Qh4+ 56. Kg2 Qxh5 57. Qxa7+ Kd8 58. Qb8+ Bc8
59. Rg8+ Ke7 60. Qe5+ Be6 61. Qc7+ Bd7 62. Qe5+ Be6 63. Qg7+ Bf7 64. Qg5+ Qxg5+
65. Rxg5 Bg6 66. Kh2 Kd6 67. Rg2 c5 68. dxc5+ Kxc5 69. Rb2 Be8 70. a5 d4 71.
exd4+ Kxd4 72. a6 Ke4 73. Re2+ 1-0

[Event "Championnat de France - Vétérans"]
[Site "Pau"]
[Date "2008.??.??"]
[Round "6.7"]
[White "Oger, Claude"]
[Black "Auge, Jean"]
[Result "1/2-1/2"]
[WhiteElo "2016"]
[BlackElo "1940"]
[PlyCount "48"]

1. e4 d5 2. exd5 Qxd5 3. Nc3 Qa5 4. d4 Nf6 5. Nf3 Bg4 6. Be2 Nbd7 7. O-O c6 8.
Ne5 Bxe2 9. Qxe2 e6 10. Re1 Nxe5 11. dxe5 Nd7 12. Bf4 Be7 13. Ne4 Nxe5 14. Qh5
Nc4 15. Qg4 Rg8 16. Ng5 Qf5 17. Qxf5 exf5 18. b3 Nb6 19. Bd6 Nc8 20. Bxe7 Nxe7
21. Rad1 h6 22. Rd3 Rd8 23. Rxd8+ Kxd8 24. Nxf7+ Kd7 1/2-1/2

[Event "Championnat de France - Vétérans"]
[Site "Pau"]
[Date "2008.??.??"]
[Round "6.8"]
[White "Marbot, Raymond"]
[Black "Darrigues, Alain"]
[Result "0-1"]
[WhiteElo "1911"]
[BlackElo "2012"]
[PlyCount "100"]

1. e4 c5 2. Nf3 Nc6 3. d4 cxd4 4. Nxd4 Nf6 5. Nc3 e5 6. Ndb5 d6 7. Bg5 a6 8.
Na3 b5 9. Bxf6 gxf6 10. Nd5 f5 11. Bxb5 axb5 12. Nxb5 Ra4 13. Nbc7+ Kd7 14.
Nb6+ Kxc7 15. Nxa4 Qg5 16. Qf3 Rg8 17. g3 Be6 18. exf5 Bxf5 19. Qb3 Nd4 20.
Qb6+ Kd7 21. Qb7+ Ke6 22. O-O Qh5 23. f4 Ne2+ 24. Kf2 Qxh2+ 25. Qg2 Qxg2+ 26.
Kxg2 Nxg3 27. Rfe1 Bxc2 28. Nc3 Ne2+ 29. Kf3 Nxf4 30. Rg1 Rxg1 31. Rxg1 d5 32.
Rc1 Nd3 33. Rh1 Nc5 34. Rh2 Bg6 35. b4 Nd3 36. a3 Nxb4 37. axb4 Bxb4 38. Ne2 d4
39. Rh4 Kd5 40. Rh2 d3 41. Ng3 d2 42. Rh1 Bc2 43. Ke2 e4 44. Nf5 d1=Q+ 45.
Rxd1+ Bxd1+ 46. Kxd1 Ke5 47. Ne3 f5 48. Ke2 Bc5 49. Ng2 f4 50. Nh4 Be7 0-1